=LDR 00000nam 2200000 4500 =001 INLIS000000000053901 =005 20210617080003 =035 ##$$a 0010-0319000096 =007 ta =008 210617################g##########0#ind## =020 ##$$a ISSN : 0215-0247 =082 ##$$a 340.5 =084 ##$$a 340.5 MAJ m =245 ##$$a Majalah hukum varia peradilan tahun xxxiii no 386-392 bulan Januari, Feb, Afril, Mei, Juni, Juli 2018 =260 ##$$a Jakarta :$b Ikahi,$c 2018 =300 ##$$a 192 hlm. : $b ilus. ; $c 24 x 16 cm. =650 #4$$a Hukum - Majalah =504 ##$$a Bibliografi halaman : 64-66 =990 ##$$a 31800316 =990 ##$$a 31800315 =990 ##$$a 31800314 =990 ##$$a 31800313 =990 ##$$a 31800312 =990 ##$$a 31800311